Intézkedések a biztonságosabb gyorsabb közlekedésért a városi tanács vb ülése

Elmentve itt :
Bibliográfiai részletek
Dokumentumtípus: Cikk
Megjelent: 1965-01-06
Sorozat:Délmagyarország 55 No. 4
Kulcsszavak:Közlekedésbiztonság Szeged 1965, közlekedés, városi tanács
Online Access:http://dmarchiv.bibl.u-szeged.hu/69309
LEADER 00510nab a2200145 i 4500
001 delm69309
005 20180927153739.0
008 180927s1965 hu o 0|| hun d
040 |a SZTE Délmagyarország Archívum  |b hun 
041 |a hun 
245 0 0 |a Intézkedések a biztonságosabb gyorsabb közlekedésért   |h [elektronikus dokumentum] :  |b a városi tanács vb ülése 
260 |c 1965-01-06 
300 |a 1 
490 0 |a Délmagyarország  |v 55 No. 4 
695 |a Közlekedésbiztonság Szeged 1965, közlekedés, városi tanács